000
00318nam a2200133Ia 4500
008
150301s2015 xx 000 0 und d
082
_a
615.4
_b
W14W
100
_a
W.H.O
245
_a
WHO MONOGRAPHY ON SELECTED MEDICINAL PLANTS
260
_b
AITBS DELHI
300
_a
289
650
_a
PHARMACEUTICS
942
_2
ddc
_c
BK
999
_c
7254
_d
7254